Dimensiones socioculturales del malestar vial en Costa Rica /
En Costa Rica han fallecido o perdido hasta el 80% de su capacidad orgánica decenas de miles de personas a raíz de siniestros viales y mucho de esto se hubiera evitado de haber sistemas de prevención, respuesta inmediata y cuidados especializados. La presente ponencia presenta una propuesta de abord...
Guardado en:
| Autor principal: | |
|---|---|
| Formato: | Texto |
| Materias: | |
| Etiquetas: |
Agregar Etiqueta
Sin Etiquetas, Sea el primero en etiquetar este registro!
|
MARC
| LEADER | 00000 a a2200000 04500 | ||
|---|---|---|---|
| 001 | 41013 | ||
| 003 | |||
| 040 | |||
| 100 | |a Sánchez Lovell, Adriana | ||
| 245 | |a Dimensiones socioculturales del malestar vial en Costa Rica / |c Adriana Sánchez Lovell | ||
| 500 | |a adrilovell@gmail.com | ||
| 520 | |a En Costa Rica han fallecido o perdido hasta el 80% de su capacidad orgánica decenas de miles de personas a raíz de siniestros viales y mucho de esto se hubiera evitado de haber sistemas de prevención, respuesta inmediata y cuidados especializados. La presente ponencia presenta una propuesta de abordaje integral al problema de la violencia en carreteras y abarca aspectos que van desde las carreteras que no perdonan hasta la imprudencia. | ||
| 590 | |a RRA/SETIEMBRE2012 | ||
| 650 | |a ACCIDENTES DE TRANSITO | ||
| 650 | |a VIOLENCIA | ||
| 650 | |a CONDICIONES SOCIALES | ||
| 650 | |a CULTURA | ||
| 650 | |a INSTITUCIONES | ||
| 650 | |a COSTA RICA | ||
| 773 | |g número6 (2010), 32 páginas : gráficos, fotos, ilustraciones | ||
| 999 | |c 19819 |d 19819 | ||
